00730nam a22001577a 450000500170000000800410001704000250005804100080008304400070009111000350009824502970013326000530043030000280048365000350051165000260054620191217042735.0190228b xxu||||| |||| 00| 0 spa d aCO-BoIAVHcCO-BoIAVH aspa ack aUniversidad Jorge Tadeo Lozano aEstado de conservación y patrones demográficos de especies de coral, amenazadas de las familias( Acroporidae, Mussidae y Faviidae) en el parque Nacional Natural Corales del Rosario y San Bernardo (Colombia): bdeterminación de la estructura de talla de las poblaciones y estado de salud aBogotábUniversidad Jorge Tadeo lozano,c2010. a18 páginasc24 x 17cm 0aAbundancia de especiesxTallas 0aFertilidad xEspecies